• 首页
  • 本馆介绍
  • 公告通知
  • 最新文献
  • 馆藏检索
  • 电子资源
  • 读者导购
  • 参考咨询
  • 我的图书馆
  • 登录
  • 详细信息显示
  • 放入我的书架
  • 预约/预借图书
  • 作者相关作品
  • 分类相关作品
  • 丛书相关作品
  • 出版社相关作品

书目信息

  • 表格格式
  • 工作单格式
  • 卡片格式
题名:
环境、化学与可持续发展
    
 
作者: 许群 主编
分册:  
出版信息: 北京   化学工业出版社  2004
页数: 170页
开本: 26cm
丛书名:
单 册:
中图分类: X13
科图分类:
主题词: 环境化学--高等学校--教材 , 环境化学
电子资源:
ISBN: 7-5025-5770-9
000 00802nam0 2200253 450
001 002724562
005 20070720111810.15
010    @a7-5025-5770-9@dCNY20.00
100    @a20040802d2004 em y0chiy0110 ea
101 0  @achi
102    @aCN@b110000
105    @aa z 000yy
106    @ar
200 1  @a环境、化学与可持续发展@Ahuan jing 、 hua xue yu ke chi xu fa zhan@f许群主编@Fxu qun zhu bian
210    @a北京@c化学工业出版社@d2004
215    @a170页@c图@d26cm
300    @a高等学校教材
330    @a本书论述了环境、技术与化学的关系,人类活动圈、工业生态系统和环境化学,大气和大气化学,以及水污染及水处理等。
606 0  @a环境化学@x高等学校@j教材
606 0  @a环境化学
690    @aX13@v4
701  0 @a许群@Axu qun@c(环境化学)@4主编
801  0 @aCN@bNLC@c20070720
905    @dX13@e135@f5
    
    环境、化学与可持续发展/许群主编.-北京:化学工业出版社,2004
    170页:图;26cm
    高等学校教材
    
    ISBN 7-5025-5770-9:CNY20.00
    本书论述了环境、技术与化学的关系,人类活动圈、工业生态系统和环境化学,大气和大气化学,以及水污染及水处理等。
●
相关链接 在E读中查询图书 在五车中查询图书 在当当中查询图书 在豆瓣中查询图书


正题名:环境、化学与可持续发展     索取号:X13/135         预约/预借

序号 登录号 条形码 馆藏地/架位号 状态 备注
1 0850504   208505045   第二样本阅览室/ [索取号:X13/135] 在馆    
2 0850505   208505054   第三借阅区/ [索取号:X13/135] 在馆    
3 0850506   208505063   第三借阅区/ [索取号:X13/135] 在馆    
4 0850507   208505072   第三借阅区/ [索取号:X13/135] 在馆    
5 0850508   208505081   第三借阅区/ [索取号:X13/135] 在馆    
唐山师范学院图书馆 欢迎您!
大连网信软件有限公司© 版权所有